Statistics for Name a City in Every Asian Country - No Capitals

Click here to take the quiz!

General Stats

  • This quiz has been taken 4,952 times
  • The average score is 21 of 47

Answers on the Map

Answers color-coded by a green-red scale on the quiz's map according to % correct below.
 

Answer Stats

CountryCities% Correct
ChinaShanghai | Shenzhen | Guangzhou | Tianjin | Chengdu | Wuhan | Chongqing | Dongguan
97%
IndiaMumbai | Bangalore | Hyderabad | Ahmedabad | Chennai | Kolkata | Surat | Pune
96%
JapanYokohama | Osaka | Nagoya | Sapporo | Fukuoka | Kobe | Kawasaki | Kyoto
96%
TurkeyIstanbul | Izmir | Bursa | Adana | Gaziantep | Konya | Antalya | Diyarbakir
94%
Saudi ArabiaJeddah | Mecca | Medina | Dammam | Hofuf | Ta'if | Tabouk | Buraidah
87%
United Arab EmiratesDubai | Sharjah | Al Ain | Ajman | Ras-al-Khaimah | Fujairah | Khor Fakkan | Kalba
86%
VietnamHo Chi Minh City | Da Nang | Haiphong | Bien Hoa | Can Tho | Tuan An | Di An | Hue
86%
Israel
(including Palestine)
Tel-Aviv | Gaza | Haifa | Khan Yunis | Rishon LeZion | Petah Tikva | Jabalia | Rafah
86%
PakistanKarachi | Lahore | Faisalabad | Rawalpindi | Gujranwala | Peshawar | Multan | Hyderabad
85%
South KoreaBusan | Incheon | Daegu | Daejeon | Gwangju | Suwon | Ulsan | Goyang
78%
SyriaAleppo | Homs | Latakia | Hama | Ar-Rakka | Deir ez-Zor | Al-Hasakah | Qamishli
66%
Sri LankaColombo | Kaduwela | Maharagama | Kesbewa | Dehiwala-Mount Levina |
Moratuwa | Negombo | Kalmunai
66%
MyanmarYangon | Mandalay | Taunggyi | Bago | Mawlamyine | Myitkyina | Monywa | Lashio
65%
KazakhstanAlmaty | Shymkent | Aqtobe | Qaragandy | Taraz | Pavlodar | Oskemen | Semey
64%
IraqMosul | Basra | Kirkuk | Erbil | Najaf | Karbala | Sulaymaniyah | Nasiriyah
60%
IranMashhad | Isfahan | Karaj | Shiraz | Tabriz | Qom | Ahvaz | Kermanshah
58%
PhilippinesQuezon City | Davao | Caloocan | Cebu | Zamboanga | Taguig | Antipolo | Pasig
58%
IndonesiaSurabaya | Bandung | Bekasi | Medan | Tangerang | Depok | Semarang | Palembang
56%
BangladeshChittagong | Narayanganj | Khulna | Sylhet | Tongi | Rajshahi | Bogra | Barisal
54%
AfghanistanHerat | Kandahar | Mazar-i-Sharif | Jalalabad | Kunduz | Pul-e Khumri | Maymana | Sheberghan
49%
YemenAden | Ta'izz | Al-Hudaydah | Ibb | Mukkala | Dhamar | Amran | Bajil
43%
LebanonTripoli | Sidon | Tyre | Nabatieh | Habbouch | Jounieh | Zahle | Ghazieh
39%
CyprusLimassol | Strovolos | Larnaca | Lakatameia | Paphos | Kato Polemidia | Aglantzia | Aradippou
37%
TaiwanNew Taipei City | Taichung | Kaohsiung | Taoyuan | Tainan | Hsinchu | Keelung | Chiayi City
37%
UzbekistanNamangan | Samarkand | Andijan | Nukus | Fergana | Bukhara | Karshi | Kokand
36%
ThailandNonthaburi | Pak Kret | Hat Yai | Chaophraya Surasak | Surat Thani | Udon Thani |
Chiang Mai | Nakhon Ratchasima
35%
MalaysiaSeberang Perai | George Town | Ipoh | Petaling Jaya | Shah Alam | Iskandar Puteri | Johor Bahru
35%
OmanSeeb | Bawshar | Salalah | Matrah | Sohar | Amarat | Al-Buraymi | Sur | Ja'alan Bani Bu Ali
34%
CambodiaSiem Reap | Battambang | Poipet | Sihanoukville | Sisophon | Ta Khmau |
Kampong Cham | Kampong Speau
27%
GeorgiaBatumi | Kutaisi | Rustavi | Aqwa | Gori | Zugdidi | Poti | Tskhinvali
26%
KyrgyzstanOsh | Jalal-Abad | Karakol | Tokmok | Uzgen | Balykchy | Kara-Balta | Kyzyl-Kiya
23%
TurkmenistanTurkmenabat | Dazoguz | Mary | Balkanabat | Turkmenbasy | Bayramaly | Tejen | Serdar
21%
AzerbaijanGanja | Sumqayit | Mingechevir | Khirdalan | Garachukur | Shirvan | Nakhchivan | Bakikhanov
19%
LaosSavannakhet | Pakxe | Luangprabang | Phonsavan | Thakhek | Oudomxay | Phiang | Xayabury
19%
North KoreaHamhung | Chongjin | Sinuiju | Wonsan | Nampo | Sariwon | Kaechon | Kanggye
18%
BhutanPhuntsholing | Tshongdue | Gelaphu | Samdrup Jongkhar | Wangdue | Punakha | Jakar | Nganglam
15%
NepalPokhara | Lalitpur | Biratnagar | Bharatpur | Birgunj | Butwal | Dharan | Mahendranagar
15%
MongoliaErdenet | Darkhan | Choibalsan | Moron | Nalaikh | Olgii | Arvaikheer | Bayankhongor
13%
JordanZarqa | Irbid | Russeifa | Quwaysimah | Khilda | Wadi Essier | Jubeiha | Kherbet al-Souk
13%
ArmeniaGyumri | Vanadzor | Vagharshapat | Abovyan | Kapan | Hrazdan | Armavir | Masis
12%
QatarAr-Rayyan | Al-Wukair | Al-Shahaniya | Al-Thakhira | Al-Khor | Umm Salal Mohammad |
Al-Wakrah | Al-Daayen
11%
BahrainMuharraq | Riffa | Hamad Town | A'ali | Isa Town | Sitra | Budaiya | Jidhafs
11%
TajikistanKhujand | Bokhtar | Kulob | Istaravshan | Tursunzoda | Konibodom | Isfara | Panjakent
9%
KuwaitHawalli | Al-Farwaniyah | Al-Fintas | Al-Jahra | Al-Manqaf | Al Firdaws | Mubarak al-Kabir | Sulaybiyah
8%
BruneiKuala Belait | Sengkurong | Lumut | Seria | Tutong | Jerudong | Mentiri | Muara
8%
East TimorBaucau | Maliana | Lospalos | Pante Macassar | Suai | Ermera | Same | Viqueque
7%
MaldivesHulhumale | Hithadhoo | Fuvahmulah | Kulhuduffushii | Villingili | Thinadoo | Naifaru | Feydhoo
5%

Score Distribution

Percentile by Number Answered

Percent of People with Each Score

Your Score History

You have not taken this quiz